[Event "Deizisau Autumn op 17th"]
[Site "Deizisau"]
[Date "2023.10.30"]
[Round "6"]
[White "Seyb, Dieter"]
[Black "Scholl, Martin"]
[Result "1/2-1/2"]
[WhiteElo "2166"]
[BlackElo "2009"]
[PlyCount "136"]
[EventDate "2023.10.27"]
[EventType "swiss"]
[EventRounds "7"]
[EventCountry "GER"]
[SourceTitle "Mega2024 Update 01"]
[Source "Chessbase"]
[SourceDate "2023.11.12"]
[SourceVersion "1"]
[SourceVersionDate "2023.11.12"]
[SourceQuality "1"]

1. e4 c6 2. d4 d5 3. f3 e6 4. Nc3 Nf6 5. e5 Nfd7 6. f4 c5 7. Nf3 Nc6 8. Be3 a6 9. Qd2 cxd4 10. Nxd4 Bc5 11. 0-0-0 Nxd4 12. Bxd4 Bxd4 13. Qxd4 Qb6 14. Qxb6 Nxb6 15. g3 Bd7 16. Bh3 Rc8 17. Ne2 Ke7 18. Nd4 Nc4 19. b3 Na3 20. f5 Nb5 21. Nxb5 Bxb5 22. Rd2 Rc3 23. a4 Bd7 24. Rf1 Rhc8 25. f6+ gxf6 26. exf6+ Kd6 27. Kb2 b5 28. axb5 Bxb5 29. Rf4 Re3 30. Rh4 Rf3 31. Rxh7 Rxf6 32. c4 Bxc4 33. bxc4 Rxc4 34. Bg2 Kc5 35. Rh8 Rb4+ 36. Kc2 a5 37. Rc8+ Kd6 38. Ra8 Rc4+ 39. Kb3 Rc5 40. Ka4 Rh6 41. Bf1 Rf6 42. Bg2 Rh6 43. Bf1 Rf6 44. Bd3 Ke5 45. Rxa5 Rxa5+ 46. Kxa5 Kd4 47. Bb5+ Kc5 48. Rc2+ Kd4 49. h4 Ke3 50. g4 Rh6 51. Rh2 Kf3 52. g5 Rh8 53. Bf1 Kg3 54. Rg2+ Kf3 55. h5 d4 56. Kb4 d3 57. g6 fxg6 58. hxg6 e5 59. Kc3 e4 60. g7 Rg8 61. Rg6 Kf2 62. Bh3 e3 63. Rg2+ Kf3 64. Kxd3 e2 65. Rxe2 Rd8+ 66. Kc4 Kxe2 67. Be6 Ke3 68. Kc5 Kf4 1/2-1/2

[Event "Deizisau Autumn op 17th"]
[Site "Deizisau"]
[Date "2023.10.28"]
[Round "2"]
[White "Seyb, Dieter"]
[Black "Budde, Michael"]
[Result "1-0"]
[WhiteElo "2166"]
[BlackElo "1890"]
[PlyCount "97"]
[EventDate "2023.10.27"]
[EventType "swiss"]
[EventRounds "7"]
[EventCountry "GER"]
[SourceTitle "Mega2024 Update 01"]
[Source "Chessbase"]
[SourceDate "2023.11.12"]
[SourceVersion "1"]
[SourceVersionDate "2023.11.12"]
[SourceQuality "1"]

1. e4 Nf6 2. e5 Nd5 3. d4 d6 4. c4 Nb6 5. exd6 exd6 6. Nc3 Be7 7. h3 Nc6 8. Nf3 Bf5 9. Be3 0-0 10. b3 Bf6 11. Rc1 Re8 12. Be2 h6 13. 0-0 d5 14. c5 Nc8 15. b4 a6 16. Qb3 Be4 17. Rfd1 N8e7 18. Nxe4 dxe4 19. d5 Nxb4 20. Qxb4 exf3 21. Bxf3 Nf5 22. Bf4 Bg5 23. Bg4 a5 24. Qd2 Qf6 25. Bxg5 hxg5 26. Rb1 Ra7 27. Qd3 g6 28. d6 cxd6 29. cxd6 Rd8 30. Bxf5 gxf5 31. Qd4 Qxd4 32. Rxd4 Kg7 33. Rb5 Kf6 34. Rdd5 Ke6 35. Re5+ Kxd6 36. Rxf5 Rg8 37. Rxf7 Kc6 38. Rff5 a4 39. Rfc5+ Kd6 40. Rxg5 Rc8 41. Rgd5+ Ke6 42. Rd2 Rc7 43. Rdb2 a3 44. Re2+ Kf6 45. g4 Rh7 46. Kg2 Ra8 47. Rf5+ Kg6 48. Re6+ Kg7 49. Re7+ 1-0

[Event "Mittelfranken-chTB2b 1920"]
[Site "Mittelfranken"]
[Date "2019.11.03"]
[Round "2.1"]
[White "Seyb, Dieter"]
[Black "Zimmer, Frank2222"]
[Result "1-0"]
[WhiteElo "2192"]
[BlackElo "1830"]
[PlyCount "35"]
[EventDate "2019.10.13"]
[EventType "team-tourn"]
[EventRounds "9"]
[EventCountry "GER"]
[SourceTitle "EXT 2023"]
[Source "ChessBase"]
[SourceDate "2022.10.05"]
[SourceVersion "1"]
[SourceVersionDate "2022.10.05"]
[SourceQuality "1"]
[WhiteTeam "Grossenseebach"]
[BlackTeam "Nuernberg SK 1911 II"]
[WhiteTeamCountry "GER"]
[BlackTeamCountry "GER"]

1. e4 c5 2. Nf3 d6 3. d4 cxd4 4. Nxd4 Nf6 5. Nc3 g6 6. Be3 Bg7 7. f3 0-0 8. Qd2 Nc6 9. Bc4 a6 10. h4 h5 11. 0-0-0 Qc7 12. Bb3 Bd7 13. g4 hxg4 14. h5 Nxh5 15. Rxh5 gxh5 16. Bh6 Ne5 17. Qg5 Ng6 18. Qxg6 1-0

[Event "Ortisei Server24 op 4th"]
[Site "Ortisei"]
[Date "2018.06.17"]
[Round "2"]
[White "Borgo, Giulio"]
[Black "Seyb, Dieter"]
[Result "1-0"]
[WhiteElo "2397"]
[BlackElo "2179"]
[PlyCount "109"]
[EventDate "2018.06.16"]
[EventType "tourn"]
[EventRounds "9"]
[EventCountry "ITA"]
[SourceTitle "CBM 185 Extra"]
[Source "ChessBase"]
[SourceDate "2018.07.29"]
[SourceVersion "1"]
[SourceVersionDate "2018.07.29"]
[SourceQuality "1"]

1. Nf3 b6 2. g3 Bb7 3. Bg2 e5 4. d3 g6 5. c4 Bg7 6. Nc3 Ne7 7. e4 Nbc6 8. Nd5 Nxd5 9. cxd5 Nd4 10. Nxd4 exd4 11. h4 0-0 12. h5 Qe7 13. 0-0 c6 14. Bd2 Rfe8 15. hxg6 hxg6 16. Re1 a5 17. a4 Qd6 18. Qb3 cxd5 19. exd5 Rxe1+ 20. Rxe1 Bf8 21. Rc1 Rc8 22. Rxc8 Bxc8 23. Qc4 Qc5 24. Bg5 Kg7 25. Bd8 Bb7 26. g4 f6 27. g5 fxg5 28. Bxg5 Qxc4 29. dxc4 Kf7 30. Bd8 Bc5 31. Bh3 Ke8 32. Bg5 Be7 33. Bf4 Bc5 34. b3 Ke7 35. Bg2 Bc8 36. Bh3 Kd8 37. Kf1 d6 38. Bg5+ Kc7 39. Be6 Bxe6 40. dxe6 d3 41. f3 Kc8 42. Ke1 Bb4+ 43. Kd1 Kc7 44. Bf6 Kc8 45. Bd4 Kd8 46. Bxb6+ Ke7 47. Be3 Kxe6 48. Bd2 Bc5 49. Bxa5 Ke5 50. Bc7 Kd4 51. a5 d5 52. cxd5 Kxd5 53. Kd2 Kc6 54. Be5 Kd5 55. Bc3 1-0

[Event "BL2-Ost 1718"]
[Site "Germany"]
[Date "2018.02.25"]
[Round "10.8"]
[White "Biastoch, Bennet"]
[Black "Seyb, Dieter"]
[Result "0-1"]
[WhiteElo "2120"]
[BlackElo "2226"]
[PlyCount "142"]
[EventDate "2017.10.21"]
[EventType "team-tourn"]
[EventRounds "10"]
[EventCountry "GER"]
[SourceTitle "CBM 183 Extra"]
[Source "ChessBase"]
[SourceDate "2018.04.19"]
[SourceVersion "1"]
[SourceVersionDate "2018.04.19"]
[SourceQuality "1"]
[WhiteTeam "Magdeburg Aufbau Elbe"]
[BlackTeam "Forchheim"]
[WhiteTeamCountry "GER"]
[BlackTeamCountry "GER"]

1. e4 c5 2. Nf3 Nc6 3. d4 cxd4 4. Nxd4 e5 5. Nb5 a6 6. N5c3 Bc5 7. Bc4 d6 8. 0-0 Nf6 9. Bg5 h6 10. Bxf6 Qxf6 11. Nd5 Qd8 12. a4 0-0 13. c3 Kh8 14. Nd2 f5 15. Qh5 Ne7 16. Nxe7 Qxe7 17. Nf3 Qe8 18. Qxe8 Rxe8 19. Bd5 fxe4 20. Bxe4 a5 21. Rad1 Bd7 22. b3 Bc6 23. Bd5 Ra6 24. c4 Rb6 25. Rb1 Bxd5 26. cxd5 Rb4 27. Nd2 Rd4 28. Nc4 b6 29. Rbd1 Rf8 30. Rxd4 exd4 31. Rd1 Rf5 32. Rd3 Rxd5 33. g4 Rg5 34. h3 Rg6 35. Kg2 Re6 36. Nd2 g5 37. Nf3 Re4 38. Nd2 Re5 39. Nf3 Re4 40. Nd2 Rf4 41. Nf1 Kg7 42. Ng3 Kg6 43. f3 Rf6 44. Ne2 Kf7 45. Nxd4 Bxd4 46. Rxd4 Ke6 47. Kf2 d5 48. Rd3 Ke5 49. Re3+ Kd6 50. Rd3 Kc5 51. Rc3+ Kd4 52. Rc1 Re6 53. Rd1+ Kc5 54. Rd3 d4 55. h4 Kd5 56. hxg5 hxg5 57. Kg2 Re2+ 58. Kf1 Rc2 59. Ke1 Ke5 60. Kd1 Rc3 61. Rxc3 dxc3 62. Kc2 Kd4 63. Kc1 Ke3 64. Kc2 Kxf3 65. Kxc3 Kxg4 66. Kc4 Kf5 67. Kb5 g4 68. Kxb6 g3 69. Kxa5 g2 70. b4 g1Q 71. Ka6 Qd4 0-1

[Event "WchT Seniors 50"]
[Site "Radebeul"]
[Date "2016.06.30"]
[Round "5.3"]
[White "Seyb, Dieter"]
[Black "Koehler, Gerhard"]
[Result "1/2-1/2"]
[WhiteElo "2265"]
[BlackElo "2201"]
[PlyCount "64"]
[EventDate "2016.06.26"]
[EventType "team-swiss"]
[EventRounds "9"]
[EventCountry "GER"]
[SourceTitle "CBM 173 Extra"]
[Source "ChessBase"]
[SourceDate "2016.08.29"]
[SourceVersion "1"]
[SourceVersionDate "2016.08.29"]
[SourceQuality "1"]
[WhiteTeam "Forchheim"]
[BlackTeam "Lasker Gesellschaft"]
[WhiteTeamCountry "GER"]
[BlackTeamCountry "GER"]

1. e4 c5 2. Nf3 e6 3. c3 d5 4. exd5 Qxd5 5. d4 Nf6 6. Be2 Be7 7. 0-0 0-0 8. c4 Qd8 9. Nc3 cxd4 10. Qxd4 Nc6 11. Qxd8 Rxd8 12. Bf4 b6 13. Rfd1 Bb7 14. a3 Ne8 15. Rxd8 Rxd8 16. Rd1 Rxd1+ 17. Nxd1 f6 18. Be3 Nd6 19. Nd4 Nxd4 20. Bxd4 Nf5 21. Bc3 Kf7 22. b4 Ke8 23. f3 h5 24. g3 Bd6 25. Kf2 h4 26. f4 Kd7 27. Ne3 Nxe3 28. Kxe3 hxg3 29. hxg3 Bc6 30. Bd3 Ke7 31. Bc2 Bg2 32. Bd3 Bc6 1/2-1/2

[Event "BL2-Ost 1516"]
[Site "Germany"]
[Date "2016.01.31"]
[Round "8.8"]
[White "Gross, Willi"]
[Black "Seyb, Dieter"]
[Result "1/2-1/2"]
[WhiteElo "2116"]
[BlackElo "2280"]
[PlyCount "36"]
[EventDate "2015.09.20"]
[EventType "team-tourn"]
[EventRounds "9"]
[EventCountry "GER"]
[SourceTitle "CBM 171 Extra"]
[Source "ChessBase"]
[SourceDate "2016.04.26"]
[SourceVersion "1"]
[SourceVersionDate "2016.04.26"]
[SourceQuality "1"]
[WhiteTeam "Bad Mergentheim"]
[BlackTeam "Forchheim"]
[WhiteTeamCountry "GER"]
[BlackTeamCountry "GER"]

1. d4 Nf6 2. c4 g6 3. Nc3 d5 4. Bg5 Ne4 5. Bf4 Nxc3 6. bxc3 c5 7. e3 Qa5 8. Qd2 dxc4 9. Bxc4 Bg7 10. Nf3 Nc6 11. 0-0 0-0 12. h3 cxd4 13. exd4 e5 14. dxe5 Nxe5 15. Nxe5 Bxe5 16. Bxe5 Qxe5 17. Rfe1 Qc7 18. Re4 Bf5 1/2-1/2

[Event "Bayern-chI Bank Hofmann 18th"]
[Site "Bad Wiessee"]
[Date "2014.10.27"]
[Round "4"]
[White "Sumets, Andrey"]
[Black "Seyb, Dieter"]
[Result "1-0"]
[WhiteElo "2589"]
[BlackElo "2241"]
[PlyCount "52"]
[EventDate "2014.10.25"]
[EventType "swiss"]
[EventRounds "9"]
[EventCountry "GER"]
[SourceTitle "EXT 2015"]
[Source "ChessBase"]
[SourceDate "2014.11.20"]
[SourceVersion "1"]
[SourceVersionDate "2014.11.20"]
[SourceQuality "1"]

1. d4 e6 2. c4 Nf6 3. g3 Bb4+ 4. Bd2 Bxd2+ 5. Qxd2 d5 6. Bg2 c6 7. Nf3 0-0 8. 0-0 Nbd7 9. Ne5 Nxe5 10. dxe5 Nd7 11. f4 b6 12. Na3 Qe7 13. Rfd1 Rd8 14. cxd5 cxd5 15. e4 Bb7 16. exd5 exd5 17. Nb5 Nc5 18. Nd6 Ne4 19. Bxe4 dxe4 20. Qe2 Rab8 21. Rd4 Ba8 22. Rad1 Rf8 23. Nf5 Qc7 24. Qg4 g6 25. Qg5 Rbe8 26. Nh6+ Kg7 1-0

[Event "BL2-Ost 1314"]
[Site "Germany"]
[Date "2013.11.24"]
[Round "5.8"]
[White "Rosko, Lubos"]
[Black "Seyb, Dieter"]
[Result "1-0"]
[WhiteElo "2350"]
[BlackElo "2250"]
[PlyCount "61"]
[EventDate "2013.10.12"]
[EventType "team-tourn"]
[EventRounds "10"]
[EventCountry "GER"]
[SourceTitle "EXT 2015"]
[Source "ChessBase"]
[SourceDate "2014.11.20"]
[SourceVersion "1"]
[SourceVersionDate "2014.11.20"]
[SourceQuality "1"]
[WhiteTeam "Aue Nickelhuette"]
[BlackTeam "Forchheim"]
[WhiteTeamCountry "GER"]
[BlackTeamCountry "GER"]

1. d4 e6 2. Nf3 c5 3. e4 cxd4 4. Nxd4 Qb6 5. Nb3 Qc7 6. Bd3 Nf6 7. 0-0 d5 8. Nc3 dxe4 9. Nxe4 Nbd7 10. a4 Nxe4 11. Bxe4 Nf6 12. Bd3 Be7 13. a5 0-0 14. Ra4 Rd8 15. Qe2 Bd7 16. Rh4 g6 17. Bf4 Bd6 18. Bg5 Be7 19. Bf4 Bd6 20. Bd2 Bf8 21. Bc3 Bg7 22. Be5 Qc8 23. Qd2 Bb5 24. Rh3 Bxd3 25. cxd3 Rd5 26. Rc1 Qd8 27. d4 Ne4 28. Qe2 Nd6 29. Bxg7 Kxg7 30. Qd2 h5 31. Qf4 1-0

[Event "Regionalliga NO 1213"]
[Site "Bayern"]
[Date "2013.01.13"]
[Round "5.3"]
[White "Seyb, Dieter"]
[Black "Hanisch, Friedrich"]
[Result "1-0"]
[WhiteElo "2204"]
[BlackElo "1981"]
[PlyCount "71"]
[EventDate "2012.10.14"]
[EventType "team-tourn"]
[EventRounds "9"]
[EventCountry "GER"]
[SourceTitle "EXT 2015"]
[Source "ChessBase"]
[SourceDate "2014.11.20"]
[SourceVersion "1"]
[SourceVersionDate "2014.11.20"]
[SourceQuality "1"]
[WhiteTeam "Forchheim II"]
[BlackTeam "Lauf"]
[WhiteTeamCountry "GER"]
[BlackTeamCountry "GER"]

1. e4 e6 2. d4 d5 3. Nc3 Nf6 4. e5 Nfd7 5. f4 c5 6. Nf3 Nc6 7. Be3 cxd4 8. Nxd4 Bc5 9. Qd2 a6 10. 0-0-0 0-0 11. Qf2 Nxd4 12. Bxd4 Qe7 13. Bd3 Bxd4 14. Qxd4 Qc5 15. Qxc5 Nxc5 16. b4 Nxd3+ 17. cxd3 f6 18. Rhf1 fxe5 19. fxe5 Bd7 20. Kd2 Rfc8 21. Rc1 h6 22. Ne2 Rxc1 23. Rxc1 Rc8 24. Rxc8+ Bxc8 25. a4 Kf7 26. Ke3 Bd7 27. a5 Kg6 28. Nd4 Kf7 29. Nb3 Ke7 30. Kd4 Kd8 31. Kc5 Kc7 32. Nd4 Bc8 33. b5 axb5 34. Nxb5+ Kd7 35. Kb6 Ke7 36. Nd6 1-0

[Event "Bundesliga 1213"]
[Site "Germany"]
[Date "2012.11.11"]
[Round "4.7"]
[White "Guliyev, Namig"]
[Black "Seyb, Dieter"]
[Result "1/2-1/2"]
[WhiteElo "2546"]
[BlackElo "2253"]
[PlyCount "137"]
[EventDate "2012.10.20"]
[EventType "team-tourn"]
[EventRounds "15"]
[EventCountry "GER"]
[SourceTitle "CBM 151"]
[Source "ChessBase"]
[SourceDate "2012.11.13"]
[SourceVersion "1"]
[SourceVersionDate "2012.11.13"]
[SourceQuality "1"]
[WhiteTeam "Eppingen"]
[BlackTeam "Forchheim"]
[WhiteTeamCountry "GER"]
[BlackTeamCountry "GER"]

1. e4 e6 2. d4 d5 3. Nc3 dxe4 4. Nxe4 Bd7 5. Nf3 Bc6 6. Bd3 Nd7 7. 0-0 Ngf6 8. Ng3 Bxf3 9. Qxf3 c6 10. b3 Be7 11. Bb2 0-0 12. c4 Re8 13. Rad1 Qa5 14. Bb1 Ba3 15. Ba1 Qg5 16. Rfe1 Bb4 17. Re5 Qh4 18. h3 Rad8 19. Re3 Nf8 20. d5 cxd5 21. cxd5 Nxd5 22. Re4 Qh6 23. Nh5 Bc3 24. Bxc3 Nxc3 25. Rxd8 Rxd8 26. Rg4 Ng6 27. Bxg6 hxg6 28. Nf4 Nd5 29. Nd3 Qd2 30. Rd4 Qxa2 31. Nc5 Qa1+ 32. Rd1 Qf6 33. Qxf6 gxf6 34. Nxb7 Rb8 35. Na5 Rb5 36. Ra1 Kg7 37. Ra3 Nb4 38. Nc4 Nc6 39. Nd6 Ra5 40. Rxa5 Nxa5 41. b4 Nc6 42. b5 Nd4 43. f3 e5 44. Kf2 f5 45. Ke3 Nc2+ 46. Kd3 Na3 47. h4 Kf6 48. g4 e4+ 49. fxe4 fxg4 50. Ke3 Ke6 51. e5 f6 52. Nc8 Nxb5 53. exf6 Kxf6 54. Kf4 Kg7 55. Kxg4 Kh6 56. Kf4 Kh5 57. Ne7 a5 58. Ke4 a4 59. Kd3 Kh6 60. Kc4 Kg7 61. Kb4 a3 62. Kb3 Kf6 63. Nd5+ Ke6 64. Nf4+ Kf5 65. h5 g5 66. h6 Nd4+ 67. Kxa3 Kf6 68. Nh3 g4 69. Nf2 1/2-1/2

[Event "Pardubice Czech op-B 23rd"]
[Site "Pardubice"]
[Date "2012.07.22"]
[Round "3"]
[White "Seyb, Dieter"]
[Black "Rivonenko, Vladislav"]
[Result "1-0"]
[WhiteElo "2258"]
[BlackElo "1988"]
[PlyCount "117"]
[EventDate "2012.07.20"]
[EventType "swiss"]
[EventRounds "9"]
[EventCountry "CZE"]
[SourceTitle "EXT 2013"]
[Source "ChessBase"]
[SourceDate "2012.11.22"]
[SourceVersion "1"]
[SourceVersionDate "2012.11.22"]
[SourceQuality "1"]

1. e4 c5 2. Nf3 Nc6 3. c3 Nf6 4. e5 Nd5 5. d4 cxd4 6. cxd4 d6 7. Nc3 dxe5 8. dxe5 Nxc3 9. Qxd8+ Kxd8 10. bxc3 Bg4 11. Bf4 f6 12. Be2 Rc8 13. Rb1 b6 14. exf6 gxf6 15. Ba6 e5 16. Bxc8 Bxc8 17. Be3 Rg8 18. 0-0 Be7 19. Rfd1+ Kc7 20. Ne1 Na5 21. Nd3 Bb7 22. g3 Be4 23. Nb4 Bxb1 24. Nd5+ Kb8 25. Rxb1 Re8 26. g4 Nc4 27. Kg2 Nxe3+ 28. fxe3 Bc5 29. e4 Kc8 30. Nxf6 Rd8 31. Nd5 Rg8 32. h3 Rg7 33. Rf1 Kd7 34. Rf5 Ke6 35. Kg3 Bd6 36. h4 b5 37. Rf6+ Kd7 38. g5 a5 39. Kg4 b4 40. cxb4 axb4 41. Kf5 Rg8 42. Rf7+ Kc6 43. Rxh7 Ra8 44. Ke6 Re8+ 45. Ne7+ Bxe7 46. Rxe7 Ra8 47. Kxe5 Rxa2 48. Kd4 Rh2 49. Re8 Rxh4 50. Ke5 Rg4 51. Kf5 Rg1 52. Rb8 Kc5 53. g6 Kc4 54. Kf6 b3 55. g7 b2 56. Rxb2 Kd4 57. Rf2 Kxe4 58. Kf7 Ke3 59. Rf6 1-0